Nelson Pediatric Symptom-Based Diagnosis / (Record no. 595129)
[ view plain ]
| 000 -LEADER | |
|---|---|
| fixed length control field | 00554nam a22001577a 4500 |
| 020 ## - INTERNATIONAL STANDARD BOOK NUMBER | |
| International Standard Book Number | 9780323399562 |
| 082 ## - DEWEY DECIMAL CLASSIFICATION NUMBER | |
| Classification number | 618.920075 |
| Author Mark | KLI |
| 100 ## - MAIN ENTRY--PERSONAL NAME | |
| Personal name | Kliegman, Robert M.; Basel, Donald; Bordini, Brett J.; Toth, Heather |
| 9 (RLIN) | 113399 |
| 245 ## - TITLE STATEMENT | |
| Title | Nelson Pediatric Symptom-Based Diagnosis / |
| Statement of responsibility, etc. | Robert M. Kliegman; Donald Basel; Brett J. Bordini; Heather Toth |
| 260 ## - PUBLICATION, DISTRIBUTION, ETC. | |
| Place of publication, distribution, etc. | Philadelphia : |
| Name of publisher, distributor, etc. | Elsevier, |
| Date of publication, distribution, etc. | 2018. |
| 300 ## - PHYSICAL DESCRIPTION | |
| Extent | 929 p. ; |
| Dimensions | 28 cm. |
| 563 ## - BINDING INFORMATION | |
| Binding note | HBK. |
| 650 ## - SUBJECT ADDED ENTRY--TOPICAL TERM | |
| Topical term or geographic name entry element | Pediatrics. |
| 9 (RLIN) | 113391 |
| 650 ## - SUBJECT ADDED ENTRY--TOPICAL TERM | |
| Topical term or geographic name entry element | Children |
| General subdivision | Diseases, Diagnosis |
| 9 (RLIN) | 113400 |
| 942 ## - ADDED ENTRY ELEMENTS (KOHA) | |
| Source of classification or shelving scheme | |
| Koha item type | Book |
| Withdrawn status | Lost status | Source of classification or shelving scheme | Damaged status | Not for loan | Permanent Location | Current Location | Date acquired | Source of acquisition | Cost, normal purchase price | Full call number | Barcode | Date last seen | Copy number | Cost, replacement price | Price effective from | Koha item type |
|---|---|---|---|---|---|---|---|---|---|---|---|---|---|---|---|---|
| NUST School of Health Sciences (NSHS) | NUST School of Health Sciences (NSHS) | 07/06/2023 | Allied Book Company | 12882.00 | 618.920075 KLI | NSHS-264 | 07/06/2023 | c.1 | 25762.00 | 07/06/2023 | Book | |||||
| NUST School of Health Sciences (NSHS) | NUST School of Health Sciences (NSHS) | 07/06/2023 | Allied Book Company | 12882.00 | 618.920075 KLI | NSHS-265 | 07/06/2023 | c.2 | 25762.00 | 07/06/2023 | Book |
